<?xml version="1.0" encoding="UTF-8"?>
<record
    xmlns:xsi="http://www.w3.org/2001/XMLSchema-instance"
    xsi:schemaLocation="http://www.loc.gov/MARC21/slim http://www.loc.gov/standards/marcxml/schema/MARC21slim.xsd"
    xmlns="http://www.loc.gov/MARC21/slim">

  <leader>00585nam a2200181   4500</leader>
  <datafield tag="999" ind1=" " ind2=" ">
    <subfield code="c">191251</subfield>
    <subfield code="d">191251</subfield>
  </datafield>
  <controlfield tag="005">20220823164935.0</controlfield>
  <datafield tag="010" ind1=" " ind2=" ">
    <subfield code="a">ENG-134567</subfield>
  </datafield>
  <datafield tag="020" ind1=" " ind2=" ">
    <subfield code="c">850.00</subfield>
    <subfield code="a">9789389211931</subfield>
  </datafield>
  <datafield tag="035" ind1=" " ind2=" ">
    <subfield code="a">EN-118099</subfield>
  </datafield>
  <datafield tag="037" ind1=" " ind2=" ">
    <subfield code="b">DBAD/PUB</subfield>
  </datafield>
  <datafield tag="082" ind1=" " ind2=" ">
    <subfield code="a">005.24</subfield>
  </datafield>
  <datafield tag="100" ind1=" " ind2=" ">
    <subfield code="a">Thareja, Reema</subfield>
  </datafield>
  <datafield tag="245" ind1=" " ind2=" ">
    <subfield code="a"> Universities Press Informatics Practices for CBSE Class XII/</subfield>
    <subfield code="c">Reema Thareja</subfield>
  </datafield>
  <datafield tag="260" ind1=" " ind2=" ">
    <subfield code="a">Hyderabad</subfield>
    <subfield code="b">Universities Press (India) Pvt. Ltd.</subfield>
    <subfield code="c">2022</subfield>
  </datafield>
  <datafield tag="270" ind1=" " ind2=" ">
    <subfield code="a">3-6-747/A &amp; 3-6-754/1, Himayatnagar</subfield>
    <subfield code="b">Hyderabad</subfield>
    <subfield code="e">500029</subfield>
  </datafield>
  <datafield tag="300" ind1=" " ind2=" ">
    <subfield code="a">xiv,212p.</subfield>
    <subfield code="c">25cm(pbk)</subfield>
  </datafield>
  <datafield tag="942" ind1=" " ind2=" ">
    <subfield code="2">ddc</subfield>
    <subfield code="c">EN</subfield>
    <subfield code="h">005.24</subfield>
    <subfield code="m">THA</subfield>
  </datafield>
  <datafield tag="952" ind1=" " ind2=" ">
    <subfield code="0">0</subfield>
    <subfield code="1">0</subfield>
    <subfield code="4">0</subfield>
    <subfield code="7">0</subfield>
    <subfield code="8">NFIC</subfield>
    <subfield code="a">AV</subfield>
    <subfield code="b">AV</subfield>
    <subfield code="d">2022-08-23</subfield>
    <subfield code="e">DBAD/PUB</subfield>
    <subfield code="g">850.00</subfield>
    <subfield code="l">0</subfield>
    <subfield code="o">004 THA</subfield>
    <subfield code="p">EN-118099</subfield>
    <subfield code="r">2022-08-23 00:00:00</subfield>
    <subfield code="t">1</subfield>
    <subfield code="v">850.00</subfield>
    <subfield code="y">EN</subfield>
  </datafield>
</record>
